A question of sporting rights (Record no. 74033)

MARC details
000 -LEADER
fixed length control field 01712cab a2200229 4500
001 - CONTROL NUMBER
control field ABS67361
008 - FIXED-LENGTH DATA ELEMENTS--GENERAL INFORMATION
fixed length control field 040107n2003 000 0 eng u
035 ## - SYSTEM CONTROL NUMBER
System control number (Sirsi) u124742
100 ## - MAIN ENTRY--PERSONAL NAME
Personal name Murdoch, S.
245 #2 - TITLE STATEMENT
Title A question of sporting rights
260 ## - PUBLICATION, DISTRIBUTION, ETC.
Date of publication, distribution, etc. 2003
490 ## - SERIES STATEMENT
Series statement Estates Gazette
Volume/sequential designation (0349) 22 November 2003, 153(1)
520 ## - SUMMARY, ETC.
Summary, etc. Discusses the dispute in "Well Barn Shoot Ltd and another v Shackleton and another" ([2003] EWCA Civ 02, Abs66462). The Oxfordshire shooting estate claimed a right of access over one of the neighbouring farm's fields. Warren Farm's freehold had been purchased in 1991, with the estate reserving the shooting rights over the farm and right of way over a track on the farm. Also the farm had secured planning permission for the development of Warren Farm and the shoot wanted clarification that this development would not affect the shoot. The trial judge made provision for the maintenance of the shoot in light of the proposed development. The appeal centred on whether the judge should have granted a negative declaration of this kind. The fact that details of the development were uncertain, as was the behaviour of future occupiers led to a view that this was likely to provoke rather than resolve disputes. The CA agreed that discretion to grant such declarations should be used with control and that in this case the order was workable and appropriate.
590 ## - LOCAL NOTE (RLIN)
Local note ABS
650 ## - SUBJECT ADDED ENTRY--TOPICAL TERM
Topical term or geographic name entry element WELL BARN SHOOT LTD AND ANOTHER V SHACKLETON AND ANOTHER
650 ## - SUBJECT ADDED ENTRY--TOPICAL TERM
Topical term or geographic name entry element SHOOTING RIGHTS
650 ## - SUBJECT ADDED ENTRY--TOPICAL TERM
Topical term or geographic name entry element SPORTING RIGHTS
650 ## - SUBJECT ADDED ENTRY--TOPICAL TERM
Topical term or geographic name entry element SPORTING ESTATES
650 ## - SUBJECT ADDED ENTRY--TOPICAL TERM
Topical term or geographic name entry element RIGHTS OF ACCESS
690 ## - LOCAL SUBJECT ADDED ENTRY--TOPICAL TERM (OCLC, RLIN)
Topical term or geographic name as entry element ENVIRONMENTAL AND LAND CONSULTANCY-PLANNING AND DEVELOPMENT
942 ## - ADDED ENTRY ELEMENTS (KOHA)
Suppress in OPAC 0
Holdings
Withdrawn status Lost status Source of classification or shelving scheme Damaged status Not for loan Home library Current library Shelving location Date acquired Total Checkouts Full call number Barcode Date last seen Copy number Price effective from Koha item type
    Dewey Decimal Classification     London London Journal article 07/01/2004   ABS67361 124742-2001 06/08/2019 1 06/08/2019 Journal article